000 01135cad a22002055a 4500
001 L152401
008 110301e20110107xxk f 000 0 eng d
035 _a(Sirsi) u152401
041 0 _aeng
110 2 _aBryan Cave
245 0 0 _aNew French arbitration law
_h[electronic resource]
260 _c2011
490 _aBryan Cave Briefing
_v23 February 2011
520 _aThe French Government published a long-awaited decree on 14 January 2011, updating the French arbitration law for the first time since 1981. The decree modifies the Articles 1442 et seq. of the French Code of Civil Procedure (CCP). It will enter into force on 1 May 2011.
590 _aKA
651 4 _aFrance
690 _aMANAGEMENT-DISPUTE AVOIDANCE, MANAGEMENT AND RESOLUTION-DISPUTE MANAGEMENT AND RESOLUTION-ARBITRATION
856 4 0 _uhttps://www.bryancave.com/files/Publication/b86abb73-05aa-458f-995d-8ff405700ad0/Presentation/PublicationAttachment/d47dace5-d617-4aa7-9026-99c1cd6b638e/LN01DOCS-251112-v1-Publication_Briefing_ComLit%20and%20IntArb_New%20French%20Arbitration%20Law.pdf
_zView this item free of charge at www.bryancave.com
942 _n0
999 _c82957
_d82957